<?xml version="1.0" encoding="UTF-8"?>
<record
    xmlns:xsi="http://www.w3.org/2001/XMLSchema-instance"
    xsi:schemaLocation="http://www.loc.gov/MARC21/slim http://www.loc.gov/standards/marcxml/schema/MARC21slim.xsd"
    xmlns="http://www.loc.gov/MARC21/slim">

  <leader>02206njm a2200421Ia 4500</leader>
  <controlfield tag="001">24184</controlfield>
  <controlfield tag="003">IT-RoPAU</controlfield>
  <controlfield tag="005">20220918181112.0</controlfield>
  <controlfield tag="008">131025s9999    xx            000 0 und d</controlfield>
  <datafield tag="040" ind1=" " ind2=" ">
    <subfield code="a">IT-RoPAU</subfield>
  </datafield>
  <datafield tag="040" ind1=" " ind2=" ">
    <subfield code="c">IT-RoPAU</subfield>
  </datafield>
  <datafield tag="999" ind1=" " ind2=" ">
    <subfield code="c">99057</subfield>
    <subfield code="d">99057</subfield>
  </datafield>
  <datafield tag="999" ind1=" " ind2=" ">
    <subfield code="b">n.d.</subfield>
  </datafield>
  <datafield tag="100" ind1=" " ind2=" ">
    <subfield code="a">AA.VV.</subfield>
    <subfield code="9">794</subfield>
  </datafield>
  <datafield tag="100" ind1=" " ind2=" ">
    <subfield code="e">Autore musica</subfield>
    <subfield code="9">9401</subfield>
  </datafield>
  <datafield tag="100" ind1=" " ind2=" ">
    <subfield code="g">Codice autore musica SPICS: 12000</subfield>
    <subfield code="9">796</subfield>
  </datafield>
  <datafield tag="245" ind1=" " ind2=" ">
    <subfield code="a">Polka-Party</subfield>
  </datafield>
  <datafield tag="250" ind1=" " ind2=" ">
    <subfield code="a">1a ed.</subfield>
  </datafield>
  <datafield tag="260" ind1=" " ind2=" ">
    <subfield code="a">ITALIA</subfield>
  </datafield>
  <datafield tag="260" ind1=" " ind2=" ">
    <subfield code="b">POLYDOR</subfield>
    <subfield code="c">1973 [1a Ed.:1973]</subfield>
  </datafield>
  <datafield tag="300" ind1=" " ind2=" ">
    <subfield code="a">DISCO</subfield>
  </datafield>
  <datafield tag="500" ind1=" " ind2=" ">
    <subfield code="a">Musica strumentale. Arrangiamento. Polka.</subfield>
  </datafield>
  <datafield tag="505" ind1=" " ind2=" ">
    <subfield code="a">Standchen - Trompeten Muckel - Schutzenliesel - Tritsch Tratsch - Untern Linden - Liechtensteiner Polka - She's Too Fat For Me - Die Muhle Im Schwarzwald - Flieger Marsch - Annen Polka - Heinzelmannchens Wachtparade - Amboss Polka</subfield>
  </datafield>
  <datafield tag="650" ind1=" " ind2=" ">
    <subfield code="a">ARRANGIAMENTO [DISCHI]</subfield>
    <subfield code="e">Codice MATERIA SPICS: 9950</subfield>
    <subfield code="9">9402</subfield>
  </datafield>
  <datafield tag="700" ind1=" " ind2=" ">
    <subfield code="a">Last James</subfield>
    <subfield code="e">Inteprete</subfield>
    <subfield code="g">Codice interprete SPICS: 10976</subfield>
    <subfield code="9">9403</subfield>
  </datafield>
  <datafield tag="700" ind1=" " ind2=" ">
    <subfield code="a">Heykens J.</subfield>
    <subfield code="g">Codice autore musica SPICS: 13768</subfield>
    <subfield code="9">9404</subfield>
    <subfield code="e">Autore musica</subfield>
    <subfield code="p">Standchen</subfield>
  </datafield>
  <datafield tag="700" ind1=" " ind2=" ">
    <subfield code="a">Anonimo</subfield>
    <subfield code="g">Codice autore musica SPICS: 2620</subfield>
    <subfield code="e">Autore musica</subfield>
    <subfield code="p">Trompeten Muckel - Amboss Polka</subfield>
    <subfield code="9">9405</subfield>
  </datafield>
  <datafield tag="700" ind1=" " ind2=" ">
    <subfield code="a">Bern B.</subfield>
    <subfield code="g">Codice autore musica SPICS: 14493</subfield>
    <subfield code="e">Autore musica</subfield>
    <subfield code="p">Schutzenliesel</subfield>
    <subfield code="9">9406</subfield>
  </datafield>
  <datafield tag="700" ind1=" " ind2=" ">
    <subfield code="a">Strauss Johann Jr.</subfield>
    <subfield code="g">Codice autore musica SPICS: 11164</subfield>
    <subfield code="e">Autore musica</subfield>
    <subfield code="p">Tritsch Tratsch - Annen Polka</subfield>
    <subfield code="9">9407</subfield>
  </datafield>
  <datafield tag="700" ind1=" " ind2=" ">
    <subfield code="a">Kollo W.</subfield>
    <subfield code="g">Codice autore musica SPICS: 14494</subfield>
    <subfield code="e">Autore musica</subfield>
    <subfield code="p">Untern Linden</subfield>
    <subfield code="9">9408</subfield>
  </datafield>
  <datafield tag="700" ind1=" " ind2=" ">
    <subfield code="a">Lindt</subfield>
    <subfield code="g">Codice autore musica SPICS: 13979</subfield>
    <subfield code="e">Autore musica</subfield>
    <subfield code="p">Liechtensteiner Polka</subfield>
    <subfield code="9">9409</subfield>
  </datafield>
  <datafield tag="700" ind1=" " ind2=" ">
    <subfield code="a">Kotscher</subfield>
    <subfield code="g">Codice autore SPICS: 13978</subfield>
    <subfield code="e">Autore musica</subfield>
    <subfield code="p">Liechtensteiner Polka</subfield>
    <subfield code="9">9410</subfield>
  </datafield>
  <datafield tag="700" ind1=" " ind2=" ">
    <subfield code="a">Lean</subfield>
    <subfield code="g">Codice autore musica SPICS: 14468</subfield>
    <subfield code="e">Autore musica</subfield>
    <subfield code="p">She's Too Fat For me</subfield>
    <subfield code="9">9411</subfield>
  </datafield>
  <datafield tag="700" ind1=" " ind2=" ">
    <subfield code="a">Richardson</subfield>
    <subfield code="g">Codice autore SPICS: 14467</subfield>
    <subfield code="e">Autore</subfield>
    <subfield code="p">She's Too Fat For me</subfield>
    <subfield code="9">9412</subfield>
  </datafield>
  <datafield tag="700" ind1=" " ind2=" ">
    <subfield code="a">Eilenberg</subfield>
    <subfield code="g">Codice autore musica SPICS: 14491</subfield>
    <subfield code="e">Autore musica</subfield>
    <subfield code="p">Die Muhle Im Schwarzwald</subfield>
    <subfield code="9">9413</subfield>
  </datafield>
  <datafield tag="700" ind1=" " ind2=" ">
    <subfield code="a">Dostal</subfield>
    <subfield code="g">Codice autore musica SPICS: 14495</subfield>
    <subfield code="e">Autore musica</subfield>
    <subfield code="p">Flieger Marsch</subfield>
    <subfield code="9">9414</subfield>
  </datafield>
  <datafield tag="700" ind1=" " ind2=" ">
    <subfield code="a">Noack K.</subfield>
    <subfield code="g">Codice autore musica SPICS: 14496</subfield>
    <subfield code="e">Autore musica</subfield>
    <subfield code="p">Heinzelmannchens Wachtparade</subfield>
    <subfield code="9">9415</subfield>
  </datafield>
  <datafield tag="942" ind1=" " ind2=" ">
    <subfield code="c">MD</subfield>
    <subfield code="2">ddc</subfield>
  </datafield>
  <datafield tag="952" ind1=" " ind2=" ">
    <subfield code="0">0</subfield>
    <subfield code="1">0</subfield>
    <subfield code="4">0</subfield>
    <subfield code="6">24184_000000000000000</subfield>
    <subfield code="7">1</subfield>
    <subfield code="a">SPICS</subfield>
    <subfield code="b">SPICS</subfield>
    <subfield code="d">2013-10-25</subfield>
    <subfield code="l">0</subfield>
    <subfield code="o">24184</subfield>
    <subfield code="r">2013-10-25 00:00:00</subfield>
    <subfield code="w">2013-10-25</subfield>
    <subfield code="y">MD</subfield>
    <subfield code="z">Progr. Ins.: 5031 / N.Vol.: 1 / Copie: 1 - Copia rara: n.d. / date import: 01.01.2014 - By Epidotti, Trombetti, Vaglietti</subfield>
  </datafield>
</record>
